Quizzes
Events
Quiz Creation
Community
Videos
Private Events
Remove Ads
Sign In
Join for FREE
Feedback
Dark Mode
Quiz Categories
Sports
Geography
Music
Movies
Television
Just For Fun
Miscellaneous
History
Literature
Language
Science
Gaming
Entertainment
Religion
Holiday
For Kids
Quiz Lab
Recent
Popular Today
Quiz Kudos Today
Editor Picks
Curator Picks
Quizzes by...
Day
Popularity
Type
Ratings
Length
Year
Community
Subscriptions
Recent Discussions
Orange Saloon
Badges
Playlists
Quests
Create
Leaderboards
Showdown
Live 5
Trivia Bingo
Activity
Puzzle Library
Sporcle Events
Private Events
Virtual Trivia
Globe League
Become a Host
Pub Owners
SporcleCon
Opinionation
Our Games
Videos
Blog
Mobile Apps
Partnerships
Remove Ads and Go Orange
Feedback
Television
TV Characters
TV Show
Sitcom
Network
Friends
Reality Shows
Cast
South Park
Star Trek
The Simpsons
Doctor Who
Television
TV Characters
TV Show
Sitcom
Network
Friends
Reality Shows
Cast
South Park
Star Trek
The Simpsons
Doctor Who
Random Quiz
Search Sporcle
×
Quiz Lab
Quiz Lab
Television
World
Type in answers that appear in a list
Type in answers that appear in a list
Classic
Best Score? Go Orange.
MTV's The Challenge Champions Stats
Can you name the Winners/ remaining members of each team who won each season of the MTV Challenge?
By
nushney
10m
143 Questions
5,765 Plays
5,765 Plays
5,765 Plays
Comments
Comments
Give Quiz Kudos
Give Quiz Kudos
-
- Ratings
hide this ad
Replay
Link that replays current quiz
Next Quiz
Link to next quiz in quiz playlist
You Got
0%
They Got
Avg Score
56%
Avg Friend Score
Upgrade to see
Score Distribution
Jump to the score distribution portion of the page
Score
0/143
Timer
10:00
0
Plays Today
Season
Player
% Correct
Double Agents
C.T.
96.7%
Total Madness
Johnny Bananas
96.7%
All-
Stars 3
Wes
96.2%
Spies, Lies, and Allies
C.T.
95.9%
War of the Worlds 2
C.T.
95.2%
Ride or Dies
Tori
95.1%
The Island
Johnny Bananas
94%
The Ruins
Johnny Bananas
94%
Exes
Johnny Bananas
93.9%
Free Agents
Johnny Bananas
93.4%
War of the Worlds 2
Jordan
93.2%
Final Reckoning
AshleyM.
93.1%
Rivals III
Johnny Bananas
92.8%
Rivals
Johnny Bananas
92.6%
Rivals 2
C.T.
92.5%
Dirty 30
Jordan
92%
Vendettas
Cara Maria
91.9%
Invasion of the Champions
C.T.
91.7%
The Duel
Wes
91.4%
Rivals 2
Wes
91.4%
Double Agents
AmberB.
91.2%
Ride or Dies
Devin
90.2%
Battle for a New Champion
Emanuel
90.2%
Battle of the Exes 2
Sarah
90.1%
Rivals III
Sarah
90.1%
Final Reckoning
Hunter
89.7%
War of the Worlds
Turbo
89.6%
The Inferno 3
Evelyn
89.4%
The Island
Evelyn
89.4%
Invasion of the Champions
AshleyM.
89.4%
All-
Stars 3
Jonna
88.9%
Spies, Lies, and Allies
Kaycee
88.8%
All-
Stars 2
Jonna
88.8%
Battle of the Bloodlines
Cara Maria
88.3%
All-
Stars
Yes
88.1%
Total Madness
Jenny
88.1%
Rivals
Evelyn
87.9%
World Championships
Jordan
87.8%
The Inferno 3
Kenny
87.5%
The Island
Kenny
87.5%
The Ruins
Kenny
87.5%
War of the Worlds 2
Dee
87.3%
War of the Worlds 2
Rogan
87%
Rivals 2
Paula Walnuts
86.9%
Battle of the Exes 2
Jordan
86.8%
Battle of the Seasons (2012)
Zach
86.6%
Exes
Camila
86.5%
Dirty 30
Camila
86.5%
Season
Player
% Correct
Rivals
Paula Walnuts
86.4%
Free Agents
Laurel
86.3%
Battle of the Seasons (2012)
AshleyK.
85%
The Gauntlet
Darrell
84.9%
The Inferno
Darrell
84.9%
The Inferno 2
Darrell
84.9%
Fresh Meat
Darrell
84.9%
All-
Stars 2
MJ
84.9%
The Duel 2
Evan
84.5%
The Ruins
Evan
84.5%
Cutthroat
Brad
84.4%
Battle of the Seasons (2012)
FrankS.
84.4%
The Inferno 3
Derrick
83.5%
The Island
Derrick
83.5%
The Ruins
Derrick
83.5%
Rivals 2
Emily
83%
World Championships
Kaz
82.9%
The Gauntlet 3
FrankR.
82.8%
Battle of the Bloodlines
JamieB.
82.1%
Cutthroat
Tyler
81.7%
The Gauntlet 3
Tori
81.4%
Cutthroat
Tori
81.4%
The Inferno 2
Landon
81.2%
The Gauntlet 2
Landon
81.2%
Fresh Meat 2
Landon
81.2%
The Gauntlet
Cara
81%
Rivals
Tyler
80.4%
Battle of the Seasons
Mike 'The Miz'
79.8%
The Inferno 2
Mike 'The Miz'
79.8%
The Gauntlet
SarahG.
79.7%
The Gauntlet
RachelR.
77.5%
The Duel 2
RachelR.
77.5%
The Gauntlet 3
RachelM.
77.4%
Real World/
Road Rules Challenge
Mark
77.3%
Battle of the Sexes
Mark
77.3%
The Inferno 2
JamieC.
76.6%
Extreme Challenge
JamieM.
76.5%
Battle of the Sexes
JamieM.
76.5%
The Gauntlet 2
JamieM.
76.5%
Battle of the Seasons (2012)
Samantha
75.7%
Challenge 2000
Veronica
74.9%
The Gauntlet
Veronica
74.9%
The Inferno
Veronica
74.9%
Battle of the Seasons
Coral
72.6%
Cutthroat
Dunbar
71.6%
The Gauntlet 2
Susie
71.5%
The Ruins
Susie
71.5%
The Inferno
Abram
69.4%
Season
Player
% Correct
The Inferno 3
Abram
69.4%
The Gauntlet 2
Jodi
67.6%
The Duel
Jodi
67.6%
Fresh Meat 2
Carley
67.3%
Fresh Meat
Aviv
63.3%
Challenge 2000
DanS.
61.2%
Battle of the Sexes 2
DanS.
61.2%
Extreme Challenge
DanR.
61.2%
Battle of the Sexes 2
EricN.
60.2%
The Inferno 3
Tonya
59.1%
The Gauntlet
Theo
57.7%
Battle of the Sexes 2
Theo
57.7%
The Gauntlet 2
Alton
57.5%
The Gauntlet 3
Johanna
56.9%
The Gauntlet 3
Jillian
55.3%
The Inferno
Katie
54.7%
The Gauntlet 3
Nehemiah
54%
Extreme Challenge
Syrus
51.3%
The Gauntlet 2
MJ
51.3%
The Gauntlet
AdamL.
48.8%
The Gauntlet 2
Ibis
48.8%
The Inferno
Timmy
48.2%
The Gauntlet 2
Kina
47.5%
Extreme Challenge
JulieS.
47.3%
Challenge 2000
Yes
46.2%
Battle of the Seasons
DannyR.
45%
The Inferno 3
Janelle
43.1%
Battle of the Seasons
Sean
41.5%
Challenge 2000
Holly
40%
The Inferno
Holly
40%
The Gauntlet 2
Randy
38.4%
The Inferno
Kendal
38%
Battle of the Sexes
Colin
37.9%
Battle of the Seasons
Elka
36.6%
Real World/
Road Rules Challenge
Roni
35.9%
The Gauntlet
Roni
35.9%
The Gauntlet
DaveG.
35.3%
Challenge 2000
Piggy
34.6%
Battle of the Seasons
Kelley
33.5%
Real World/
Road Rules Challenge
Anne
32.6%
The Inferno
Christena
30.3%
Real World/
Road Rules Challenge
Kefla
29.4%
Extreme Challenge
Kameelah
27.9%
Real World/
Road Rules Challenge
Noah
27.4%
Real World/
Road Rules Challenge
Kalle
26.7%
Challenge 2000
Carlos
26.5%
Extreme Challenge
Rebecca
25.8%
Quiz Playlist
Details
Report
Send in Message
Add To Playlist
Classic:
Type in answers that appear in a list
Quiz Source
Last Updated: Feb 22, 2024
Quiz Scoreboard
CHALLENGE
Sign Up to Join the Scoreboard
Show All
Scores
Hide
Comments
May contain spoilers
Recently Published
Popular People in 1961
by mucciniale
History
6m
1-10 Letter E Words III
by El_Dandy
Language
2m
One Thing in Common: World Cities II
by knightlancer
Geography
7m
More to Explore
Quiz From the Vault
Featured Blog Post
Where Did the Easter Bunny Come From?
hide this ad
You Might Also Like...
Tags
World Quiz
challenge
MTV
Player
Remaining
road
rule
season
team
Winner
Won
Today's Top Quizzes in Television
Browse Television
hide this ad
Today's Top Quizzes in World
Browse World
Top Contributed Quizzes in Television
1
One Piece Logic Puzzle
2
Survivor Logic Puzzle: Heroes vs. Villains
3
Survivor Seasons
4
Survivor Season by Logo
5
Ultimate Survivor Logic Puzzle
6
Survivor Logic Puzzle: Winners at War
7
Survivor Trivia
8
Survivor Heroes vs. Villains Logic Puzzle
9
All US Survivor Seasons in Order
10
Emmerdale Characters (from August 2012)
Explore More
Trending Topics
Kpop
Harry Potter
Marvel
NBA
Anime
Disney
Crossword
Soccer
NFL
Song
The Office
WWE
Pokémon
Puzzle
Country
hide this ad
More By:
nushney
Quiz
Plays
Rating
Category
Featured
Created
2015 MLB Teams Most Common Lineups
9,868
3.80
Sports
Oct 26, 2015
1000 HR Teammates
9,617
4.63
Sports
Jun 13, 2011
WWE: Opponents of The Shield
9,199
3.89
Sports
Apr 11, 2013
2012 MLB Teams Most Common Lineups
8,824
4.57
Sports
Oct 20, 2012
Top 4 Most Populous Cities per State
8,507
3.85
Geography
Mar 22, 2010
Go to Creator's Profile
Score Distribution
Quiz Creator Spotlight
nushney
Follow
Send a Message
Quizzes Created
-
Created Quiz Play Count
-
More By This Creator
Popular Quizzes Today
1
Find the US States - No Outlines Minefield
2
The Countries of the World
3
Popular People in 1961
4
Find the Countries of Europe - No Outlines Minefield
5
1-10 Letter E Words III
6
Find the US States
7
One Thing in Common: World Cities II
8
US States
More Television Quizzes
Power Ranger Color Sorting
Quiz Lab
Trending Quizzes
1-10 Letter F Words
One Thing in Common: Music
1-10 Letter G Words
Risky Map Clicking: Next State Alphabetically
1-10 Letter F Words II
Recently Updated
Leaping Animals
pecheneg
Reality TV Shows (A-Z)
bhenderson79
Rickey Henderson's Hall of Fame Teammates
pecheneg
Champions League XIs: Arsenal
pecheneg
Quick Pick: Celebrities in WWE's Hall of Fame
aduchscher
A-Z Keypad Blitz II
pecheneg
Multiple Oscar Actors
pecheneg
Mystery Phrase Blitz: Oscar 'Best Actors'
pecheneg
F. Scott Fitzgerald Novels
LTH
Pick 3 Villains
ddd62291
Trending Topics
Harry Potter
Disney
Crossword
Anime
NBA
Kpop
Marvel
NFL
Song
Soccer
Puzzle
WWE
The Office
Pokémon
Country
Your Account Isn't Verified!
In order to create a playlist on Sporcle, you need to verify the email address you used during registration. Go to your
Sporcle Settings
to finish the process.
Report this User
Report this user for behavior that violates our
Community Guidelines
.
Details:
Send Report
Go to the Sporcle.com Mobile Site →
Comments